000
00300nam a2200109Ia 4500
008
200302s9999 xx 000 0 und d
100
_a
Peter Hyatt
245
_a
Designing with glass- Great Glass Buildings- 50 Modern Classics
260
_b
Images Publishing, Austraila
260
_c
2004
300
_a
240
999
_c
4503
_d
4503